MARC

LEADER 00000nam0a2200000 4500
001 34340
005 20231030224949.0
035 |a (RuTPU)RU\TPU\book\34730 
035 |a BOOK00001381 
090 |a 34340 
100 |a 20011210d1986 m y0rusy50 ca 
101 0 |a rus 
102 |a RU 
105 |a y j 000zy 
200 1 |a Гидрология и гидрометрия  |e учебное пособие  |f Е. Е. Овчаров, Н. Н. Захаровская 
210 |a Ленинград  |c Гидрометеоиздат  |d 1986 
215 |a 312 с. 
610 1 |a гидравлика 
610 1 |a гидрология 
610 1 |a гидрометрия 
610 1 |a гидрометрические измерения 
610 1 |a гидрологические расчеты 
610 1 |a гидромелиоративные системы 
610 1 |a учебные пособия 
675 |a 556(075.3)  |v 3 
700 1 |a Овчаров  |b Е. Е.  |g Евгений Ефимович 
701 1 |a Захаровская  |b Н. Н.  |g Наталия Николаевна 
801 0 |a RU  |b 63413507  |c 20011210  |g PSBO 
801 2 |a RU  |b 63413507  |c 20170403  |g PSBO 
900 |a Общая гидрогеология 
900 |a Гидравлика, гидрология, гидрометрия 
900 |a Гидрология 
900 |a Учение о гидросфере 
900 |a Основы гидравлики, гидрологии и гидрометрии 
900 |a Основы климатологии и гидрологии 
900 |a Мировой водный баланс, водные ресурсы земли, водный кадастр и мониторинг 
942 |c BK